名前に「内」がつく駅 - Statistics

General Stats
  • This quiz has been taken 23 times
  • The average score is 46 of 113
Answer Stats
Hint Answer % Correct
仙台市 | 宮古市 | 薩摩川内市 川内
94%
内灘町 内灘
94%
稚内市 南稚内
88%
稚内市 稚内
88%
東広島市 河内
88%
木古内町 木古内
82%
河内長野市 河内長野
82%
内子町 内子
82%
洋野町 平内
76%
宇和島市 大内
76%
黒松内町 黒松内
71%
南知多町 | 宮崎市 内海
71%
赤村 内田
71%
南陽市 | 廿日市市 | 長岡市 宮内
65%
横須賀市 堀ノ内
65%
名古屋市 | 富山市 丸の内
65%
松原市 河内松原
65%
東大阪市 河内永和
65%
交野市 河内磐船
65%
伊奈町 内宿
59%
清須市 丸ノ内
59%
由布市 | 豊中市 庄内
59%
交野市 河内森
59%
東大阪市 JR河内永和
59%
普代村 堀内
53%
水戸市 内原
53%
八王子市 京王堀之内
53%
黒部市 内山
53%
四日市市 内部
53%
八尾市 河内山本
53%
松原市 河内天美
53%
柏原市 河内堅上
53%
北見市 相内
47%
北見市 東相内
47%
いわき市 内郷
47%
新潟市 内野
47%
大紀町 大内山
47%
柏原市 河内国分
47%
東大阪市 河内小阪
47%
東大阪市 河内花園
47%
廿日市市 宮内串戸
47%
平内町 西平内
41%
岩手町 いわて沼宮内
41%
千代田区 内幸町
41%
名古屋市 庄内緑地公園
41%
安城市 堀内公園
41%
京都市 | 庄原市 山ノ内
41%
福知山市 大江山口内宮
41%
岩国市 | 美波町 北河内
41%
深川市 納内
35%
湯沢市 院内
35%
北秋田市 笑内
35%
春日井市 間内
35%
周南市 大河内
35%
安芸市 穴内
35%
宮崎市 小内海
35%
花巻市 似内
29%
南相馬市 桃内
29%
横浜市 関内
29%
新潟市 内野西が丘
29%
南部町 内船
29%
大阪市 野江内代
29%
日高町 紀伊内原
29%
岩国市 南河内
29%
佐世保市 三河内
29%
薩摩川内市 上川内
29%
美唄市 光珠内
24%
美唄市 茶志内
24%
浦幌町 厚内
24%
標茶町 磯分内
24%
青森市 野内
24%
大仙市 鑓見内
24%
小千谷市 内ケ巻
24%
名古屋市 庄内通
24%
大豊町 土佐穴内
24%
札幌市 真駒内
18%
北見市 緋牛内
18%
森町 尾白内
18%
浜中町 茶内
18%
松本市 島内
18%
岩国市 守内かさ神
18%
美波町 山河内
18%
高知市 咥内
18%
いの町 北内
18%
長与町 本川内
18%
阿蘇市 内牧
18%
幕別町 札内
12%
盛岡市 上米内
12%
三条市 保内
12%
魚沼市 越後堀之内
12%
庄原市 内名
12%
山陽小野田市 浜河内
12%
日田市 杉河内
12%
中泊町 大沢内
6%
北秋田市 比立内
6%
魚沼市 北堀之内
6%
飯塚市 筑前内野
6%
飯塚市 筑前庄内
6%
都城市 日向庄内
6%
日南市 内之田
6%
青森市 奥内
0%
北秋田市 米内沢
0%
仙北市 上桧木内
0%
真岡市 寺内
0%
No matching quizzes found
Score Distribution
Percent of People with Each Score
Percentile by Number Answered
Your Score History
You have not taken this quiz